MDQL
is popping MORE tags! Check the
thread
!
Quizzes
Events
Quiz Creation
Community
Videos
Private Events
Remove Ads
Sign In
Join for FREE
Feedback
Dark Mode
Quiz Categories
Sports
Geography
Music
Movies
Television
Just For Fun
Miscellaneous
History
Literature
Language
Science
Gaming
Entertainment
Religion
Holiday
For Kids
Quiz Lab
Recent
Popular Today
Quiz Kudos Today
Editor Picks
Curator Picks
Quizzes by...
Day
Popularity
Type
Ratings
Length
Year
Community
Subscriptions
Recent Discussions
Orange Saloon
Badges
Playlists
Quests
Create
Leaderboards
Showdown
Live 5
Trivia Bingo
Activity
Puzzle Library
Sporcle Events
Private Events
Virtual Trivia
Globe League
Become a Host
Pub Owners
SporcleCon
Opinionation
Our Games
Videos
Blog
Mobile Apps
Partnerships
Remove Ads and Go Orange
Feedback
Sports
Athletes
MLB
NBA
NHL
NFL
Soccer
Sports Teams
WWE
NCAA
Football
Premier League
Basketball
Baseball
Hockey
Golf
Tennis
Cricket
Rugby
Auto Racing
Olympics
World Cup
Sports
Athletes
MLB
NBA
NHL
NFL
Soccer
Sports Teams
WWE
NCAA
Football
Premier League
Basketball
Baseball
Hockey
Golf
Tennis
Cricket
Rugby
Auto Racing
Olympics
World Cup
Random Quiz
Search Sporcle
×
Quiz Lab
Quiz Lab
Sports
Footballer
Type answers based on single images at one time
Type answers based on single images at one time
Slideshow
Best Score? Go Orange.
G-letter Footballers (Slideshow) Stats
Can you name the G-letter Footballers (Slideshow)
By
carles_puyol
10m
30 Questions
286 Plays
286 Plays
286 Plays
Comments
Comments
Give Quiz Kudos
Give Quiz Kudos
-
- Ratings
hide this ad
Replay
Link that replays current quiz
Next Quiz
Link to next quiz in quiz playlist
You Got
0%
They Got
Avg Score
64%
Avg Friend Score
Upgrade to see
Score Distribution
Jump to the score distribution portion of the page
Score
0/30
Timer
10:00
0
Plays Today
% Correct
Steven Gerrard
97.2%
Mario Gomez
93%
Mario Götze
90.9%
Olivier Giroud
89.2%
Gervinho
87.4%
İlkay Gündoğan
82.2%
Bafétimbi Gomis
81.5%
Sebastian Giovinco
76.9%
Diego Godín
76.2%
Luiz Gustavo
72.4%
Brad Guzan
72.4%
Antoine Griezmann
71.3%
Gabi
69.9%
Andrés Guardado
67.1%
Yoann Gourcuff
66.4%
% Correct
Javi García
66.1%
André-Pierre Gignac
66.1%
Kevin Großkreutz
66.1%
Kieran Gibbs
64.3%
Alberto Gilardino
64.3%
Ezequiel Garay
62.6%
Emmanuele Giaccherini
56.6%
Raúl García
55.9%
Nicolás Gaitán
51.7%
Fredy Guarín
39.5%
Maxime Gonalons
39.2%
Kévin Gameiro
29%
Vicente Guaita
25.2%
Gökhan Gönül
23.8%
Guilherme
19.2%
Quiz Playlist
Details
Report
Send in Message
Add To Playlist
Slideshow:
Type answers based on single images at one time
Last Updated: Oct 9, 2019
Quiz Scoreboard
CHALLENGE
Sign Up to Join the Scoreboard
Show All
Scores
Hide
Comments
May contain spoilers
Recently Published
Image Sorting: Flags VI
by Barbecue
Geography
2m
Find the 'City' Movie
by crazypaving
Movies
60s
Colored Red Africa Blitz
by spor1
Geography
45s
More to Explore
Quiz From the Vault
Featured Blog Post
14 Easter Pick-up Lines to Find Eggs With
hide this ad
You Might Also Like...
Tags
Footballer
Slideshow
Today's Top Quizzes in Sports
Browse Sports
hide this ad
Today's Top Quizzes in Footballer
Browse Footballer
Top Contributed Quizzes in Sports
1
Les meilleurs buteurs des matchs entre le PSG et l’OM
2
Les entraîneurs de l'OM et du PSG au 21e siècle
3
2022 World Cup Stars
4
Les joueurs passés par le PSG et l'OM
5
Players with Multiple 50 Home Run Seasons
6
Criteria MLB: Left Handed Sluggers
7
FIFA Club World Cup Champions
8
Les joueurs passés par le LOSC et le RC Lens
9
NBA Logic Puzzle 2.0
10
Top 10 NHL Goal Scorers of All Time
Explore More
Trending Topics
Marvel
Harry Potter
Kpop
NBA
Anime
Crossword
Disney
The Office
WWE
Song
NFL
Soccer
Puzzle
Pokémon
Country
hide this ad
More By:
carles_puyol
Quiz
Plays
Rating
Category
Featured
Created
Juventus XIs: since 1996/97 season
16,952
4.54
Sports
May 13, 2012
FC Barcelona XIs: since 1996/97 season
15,158
4.40
Sports
May 6, 2012
Real Madrid XIs: since 1996/97 season
13,597
4.65
Sports
May 6, 2012
AC Milan XIs: since 1996/97 season
12,721
4.29
Sports
May 8, 2012
Inter Milan XIs: since 1996/97 season
11,884
4.61
Sports
May 10, 2012
Go to Creator's Profile
Score Distribution
Quiz Creator Spotlight
carles_puyol
Follow
Send a Message
Quizzes Created
-
Created Quiz Play Count
-
More By This Creator
Popular Quizzes Today
1
Colored Red Africa Blitz
2
Find the US States - No Outlines Minefield
3
Find the 'City' Movie
4
5x2 Blitz: Bands
5
The Countries of the World
6
Find the US States
7
Find the Countries of Europe - No Outlines Minefield
8
US States
More Sports Quizzes
100 'B' NBA Players
Quiz Lab
Trending Quizzes
Colored Red Europe Blitz I
Colored Red Africa Blitz II
Colored Red Europe Blitz II
Colored Red Africa Blitz III
Colored Red Europe Blitz III
Recently Updated
How Do You Spell That?
pecheneg
Godzilla Movies
pecheneg
Grab Bag: 4-10 Letters
pecheneg
2024 March Madness Bracket
pecheneg
Famous TV Couples
Peacemaker
Champions League XIs: Real Madrid
pecheneg
Largest US Cities 1790-2010
pecheneg
Rides in Walt Disney World
pecheneg
Most Oscar Losses (Acting)
pecheneg
Beyoncé Albums
pecheneg
Trending Topics
Kpop
Anime
NBA
Disney
Crossword
Marvel
Harry Potter
Country
Song
Puzzle
WWE
Pokémon
Soccer
The Office
NFL
Your Account Isn't Verified!
In order to create a playlist on Sporcle, you need to verify the email address you used during registration. Go to your
Sporcle Settings
to finish the process.
Report this User
Report this user for behavior that violates our
Community Guidelines
.
Details:
Send Report
Go to the Sporcle.com Mobile Site →
Comments